000
00388nam a2200145Ia 4500
008
100122s9999 xx 000 0 und d
082
_b
27821
_a
823
100
_a
देवळे अंबादास
245
_a
अभोगी
260
_b
वसुधा प्रकाशन
_c
1978
300
_a
106
630
_a
अभोगी
730
_a
अभोगी
942
_c
BOOK
999
_c
413787
_d
413784